000 00559nam a2200217 a 4500
005 20210219153120.0
008 991125n 000 0 u
035 _aUPN01000078951
100 1 _aMolnar, Alex
222 _aEDUCATIONAL LEADERSHIP
245 _aFacing the racial divide
300 _a58-59
362 0 _a1993 Vol. 50, no. 8
653 0 _aDISCRIMINACION RACIAL
653 0 _aEQUIDAD EDUCATIVA
653 0 _aPOBREZA
653 0 _aRELACIONES RACIALES
653 0 _aRESPONSABILIDAD ESCOLAR
904 _aAC
_b016762
905 _aArticulo
999 _c68847
_d68847